[Event "Open de la Loire 2015-2016"]
[Site "?"]
[Date "2015.12.12"]
[Round "4.1"]
[White "Acikgoz, Tuncay"]
[Black "Guichard, Thomas"]
[Result "0-1"]
[WhiteElo "1661"]
[BlackElo "1530"]
[EventDate "2015.??.??"]
[PlyCount "96"]

1. d4 d5 2. Nf3 Nf6 3. g3 Bf5 4. c4 e6 5. Qb3 Qc8 6. Bg2 c6 7. O-O Be7 8. 
Nc3 h6 9. cxd5 exd5 10. Bf4 O-O 11. Rac1 Nbd7 12. Ne5 Nb6 13. a4 Bh3 14. 
a5 Bxg2 15. Kxg2 Nbd7 16. a6 bxa6 17. Na4 Nxe5 18. Bxe5 Qe6 19. Nc5 Bxc5 
20. Rxc5 Ne4 21. Rc2 c5 22. f3 cxd4 23. fxe4 Qxe5 24. Qxd5 Qxd5 25. exd5 
Rfd8 26. Rc5 Rab8 27. Rd1 Rxb2 28. Kf2 Rb5 29. Rxb5 axb5 30. Rxd4 a5 31. 
e4 b4 32. Ke2 Kf8 33. Kd2 Ke7 34. Kc2 Kd6 35. Rd1 Ke5 36. Re1 Rc8+ 37. Kb3
Rc3+ 38. Ka4 Ra3+ 39. Kb5 Kd6 40. Rd1 b3 41. e5+ Kd7 42. Rb1 a4 43. Kb4 
Ra2 44. h3 b2 45. g4 a3 46. Kb3 Ra1 47. Kc2 g5 48. d6 Ke6 0-1

[Event "Open de la Loire 2015-2016"]
[Site "?"]
[Date "2015.12.12"]
[Round "4.3"]
[White "Vier, Serge"]
[Black "Schuhmann, Alain"]
[Result "1-0"]
[WhiteElo "1664"]
[BlackElo "1580"]
[EventDate "2015.??.??"]
[PlyCount "39"]

1. d4 d5 2. c4 dxc4 3. e3 Nf6 4. Bxc4 e6 5. Nf3 Be7 6. O-O O-O 7. Nc3 Bd7 
8. Qe2 Nc6 9. Rd1 Bb4 10. a3 Bxc3 11. bxc3 Ne4 12. Qc2 Na5 13. Bd3 Nf6 14.
 e4 g6 15. Bg5 Kg7 16. e5 Qc8 17. Bxf6+ Kg8 18. Qd2 Nb3 19. Qh6 Nxa1 20. 
Qg7# 1-0

[Event "Open de la Loire 2015-2016"]
[Site "?"]
[Date "2015.12.12"]
[Round "4.4"]
[White "Minchilli, Franco"]
[Black "Mialon, Franck"]
[Result "1-0"]
[WhiteElo "1640"]
[BlackElo "1370"]
[EventDate "2015.??.??"]
[PlyCount "49"]

1. d4 d5 2. c4 c6 3. Nc3 e6 4. Nf3 f5 5. cxd5 exd5 6. Bf4 Nd7 7. e3 Ngf6 
8. Bd3 Be7 9. Bxf5 O-O 10. Ng5 Qb6 11. Qc2 Ne4 12. Be6+ Kh8 13. Ncxe4 dxe4
14. Nf7+ Kg8 15. Ne5+ Kh8 16. Bxd7 Bb4+ 17. Kd1 Rxf4 18. Nc4 Qb5 19. Bxc8 
Rf6 20. a3 Qg5 21. Qxe4 Rxc8 22. axb4 Rxf2 23. Ne5 Qh5+ 24. Qg4 Qh6 25. 
Qxc8+ 1-0

[Event "Open de la Loire 2015-2016"]
[Site "?"]
[Date "2015.12.12"]
[Round "4.5"]
[White "Bouchut, Leo"]
[Black "Boeuf, Jean-Julien"]
[Result "0-1"]
[WhiteElo "1424"]
[BlackElo "1505"]
[EventDate "2015.??.??"]
[PlyCount "54"]

1. e4 Nf6 2. Nc3 d5 3. e5 Nfd7 4. d4 e6 5. Nf3 c5 6. Bb5 Nc6 7. dxc5 Bxc5 
8. Bg5 Qb6 9. Bxc6 Bxf2+ 10. Ke2 bxc6 11. Na4 Ba6+ 12. Kd2 Qb4+ 13. c3 Qc4
14. Ne1 Nxe5 15. b3 Qe4 16. Nb2 h6 17. Bxh6 Rxh6 18. Nc2 Qf4+ 19. Ne3 
Qxe3+ 20. Kc2 Qe4+ 21. Kd2 Be3+ 22. Ke1 Bc1+ 23. Kf2 Rf6+ 24. Kg3 Qe3+ 25.
 Kh4 Rh6+ 26. Qh5 Qf4+ 27. Kh3 Rxh5# 0-1

[Event "Open de la Loire 2015-2016"]
[Site "?"]
[Date "2015.12.12"]
[Round "4.6"]
[White "Desassis, Jean-François"]
[Black "Trottet, François"]
[Result "1-0"]
[WhiteElo "1491"]
[BlackElo "1440"]
[EventDate "2015.??.??"]
[PlyCount "55"]

1. c4 g6 2. d4 Bg7 3. Nf3 d6 4. Nc3 c6 5. e3 Nf6 6. Be2 Bf5 7. O-O O-O 8. 
Nh4 Be6 9. Qc2 d5 10. c5 Nbd7 11. Bd2 b6 12. b4 b5 13. a4 bxa4 14. Rxa4 
Qc7 15. Nf3 Bg4 16. b5 Bf5 17. Qa2 Ne4 18. b6 Qb7 19. Ba6 Qb8 20. b7 Nxc3 
21. Bxc3 Be4 22. Ng5 Nf6 23. bxa8=Q Qxa8 24. Be2 Rb8 25. Rxa7 Bb1 26. Rxa8
Bxa2 27. Rxb8+ Bf8 28. Ra1 1-0

[Event "Open de la Loire 2015-2016"]
[Site "?"]
[Date "2015.12.12"]
[Round "4.7"]
[White "Piguet, François"]
[Black "Zaouak, Fahim"]
[Result "1-0"]
[WhiteElo "1400"]
[BlackElo "1399"]
[EventDate "2015.??.??"]
[PlyCount "77"]

1. e4 e5 2. Nf3 Nc6 3. Bb5 a6 4. Ba4 b5 5. Bb3 Nf6 6. O-O Bc5 7. Nxe5 O-O 
8. Nxc6 dxc6 9. d3 Ng4 10. c3 Qd6 11. g3 Qg6 12. d4 Bb6 13. Bc2 f6 14. Nd2
Nh6 15. Nf3 Bg4 16. Kg2 Qh5 17. Re1 Qh3+ 18. Kg1 g5 19. Bd3 c5 20. Be3 
cxd4 21. cxd4 Ba5 22. Rf1 Qh5 23. Be2 Bh3 24. Nxg5 Qe8 25. Nxh3 Nf7 26. 
Bd3 Qe6 27. Nf4 Qd7 28. e5 Ng5 29. Qb3+ Kh8 30. e6 Qg7 31. h4 Nf3+ 32. Kg2
Nxh4+ 33. Kh3 Nf3 34. Qd5 Ng5+ 35. Kg2 Rad8 36. Qf5 Rg8 37. Rh1 h6 38. 
Rxh6+ Qxh6 39. Rh1 1-0

[Event "Open de la Loire 2015-2016"]
[Site "?"]
[Date "2015.12.12"]
[Round "4.8"]
[White "Liogier, Pascal"]
[Black "Hong, Shawn"]
[Result "1-0"]
[WhiteElo "1510"]
[BlackElo "1390"]
[EventDate "2015.??.??"]
[PlyCount "59"]

1. d4 d5 2. Nc3 Nf6 3. Bg5 e6 4. f3 Bb4 5. e3 Nbd7 6. Qd3 c5 7. dxc5 Bxc5 
8. O-O-O Qb6 9. Na4 Qd8 10. Nxc5 Nxc5 11. Qb5+ Ncd7 12. e4 O-O 13. exd5 
Qb6 14. dxe6 Qxe6 15. Bc4 Qb6 16. Ne2 h6 17. Bxf6 Nxf6 18. Qxb6 axb6 19. 
a3 Bd7 20. Nc3 Rfe8 21. Rd6 Be6 22. Bb5 Re7 23. Rhd1 Kh7 24. Rxb6 Rc8 25. 
Rbd6 Rc5 26. Bd3+ Kg8 27. Ne4 Nd5 28. Nxc5 g6 29. Nxe6 fxe6 30. Bxg6 1-0

[Event "Open de la Loire 2015-2016"]
[Site "?"]
[Date "2015.12.12"]
[Round "4.9"]
[White "Martin, Julien"]
[Black "Choquelle, Jean"]
[Result "1-0"]
[WhiteElo "1545"]
[BlackElo "1170"]
[EventDate "2015.??.??"]
[PlyCount "41"]

1. e4 e5 2. Nf3 Nc6 3. Nc3 Nf6 4. d4 Bd6 5. Bb5 Ne7 6. dxe5 Ng6 7. exd6 c6
8. Be2 a6 9. Bg5 O-O 10. e5 Nxe5 11. Nxe5 Qe8 12. Bxf6 gxf6 13. Ng4 Kh8 
14. Qd3 Rg8 15. Nxf6 Rg6 16. Nxe8 b5 17. Qd4+ Kg8 18. Ne4 Kf8 19. Nc7 f5 
20. Qh8+ Rg8 21. Qf6# 1-0

[Event "Open de la Loire 2015-2016"]
[Site "?"]
[Date "2015.12.12"]
[Round "4.10"]
[White "Gloaguen, Loïc"]
[Black "Barrandon, Georges"]
[Result "0-1"]
[WhiteElo "1299"]
[BlackElo "1460"]
[EventDate "2015.??.??"]
[PlyCount "66"]

1. e4 e5 2. Nf3 d6 3. c3 Nf6 4. d3 Be7 5. Bg5 Nbd7 6. Nbd2 b6 7. d4 Bb7 8.
 Bxf6 Bxf6 9. d5 O-O 10. Bb5 a6 11. Ba4 b5 12. Bb3 c6 13. c4 Nc5 14. O-O 
Nxb3 15. Qxb3 Qd7 16. a4 bxc4 17. Qxc4 cxd5 18. exd5 Rfc8 19. Qe4 Rc5 20. 
Qe3 Rxd5 21. g3 Rc8 22. b3 Be7 23. Rfc1 Rdc5 24. Rxc5 Rxc5 25. Ne4 Rc7 26.
 Ned2 f6 27. Nc4 d5 28. Nb6 Qd6 29. a5 d4 30. Qe2 Qc6 31. Kg2 g5 32. Ra4 
g4 33. Rc4 gxf3+ 0-1

[Event "Open de la Loire 2015-2016"]
[Site "?"]
[Date "2015.12.12"]
[Round "4.11"]
[White "Lempereur, Theo"]
[Black "Viricel, Maxime"]
[Result "1-0"]
[WhiteElo "1452"]
[BlackElo "1050"]
[EventDate "2015.??.??"]
[PlyCount "71"]

1. e4 e5 2. Nf3 Nc6 3. Bb5 Bc5 4. d3 Nf6 5. Bg5 O-O 6. Nc3 a6 7. Bxc6 dxc6
8. O-O h6 9. Bh4 Bg4 10. h3 Bxf3 11. Qxf3 Be7 12. Rad1 Nh5 13. Bxe7 Qxe7 
14. Qxh5 Qb4 15. Rb1 Kh7 16. Qxe5 Qa4 17. Nxa4 b5 18. Nc5 Rac8 19. Qf5+ g6
20. Qf6 Rcd8 21. Qxc6 Rc8 22. Nd7 Rfd8 23. e5 Kg7 24. Qf6+ Kg8 25. e6 fxe6
26. Qxg6+ Kh8 27. Qxh6+ Kg8 28. Nf6+ Kf7 29. Rfe1 Rh8 30. Qf4 Rh6 31. Ng4+
Kg7 32. Qxh6+ Kf7 33. Rxe6 a5 34. Qf6+ Kg8 35. Re7 Rf8 36. Qg7# 1-0

[Event "Open de la Loire 2015-2016"]
[Site "?"]
[Date "2015.12.12"]
[Round "4.12"]
[White "Jan, Alexandre"]
[Black "Kendem, Camille"]
[Result "1/2-1/2"]
[WhiteElo "1199"]
[BlackElo "1299"]
[EventDate "2015.??.??"]
[PlyCount "114"]

1. e4 c5 2. Nf3 d5 3. exd5 Qxd5 4. Nc3 Qe6+ 5. Qe2 Nc6 6. Qxe6 Bxe6 7. Bb5
O-O-O 8. Ng5 f6 9. Nxe6 Rd6 10. Nxc5 Nb4 11. O-O Nxc2 12. Rb1 Nd4 13. Re1 
e5 14. N3e4 Rd5 15. Bc4 Rd8 16. Be6+ Kb8 17. Nd7+ Kc7 18. Nxf8 Rxf8 19. b3
Nxe6 20. Ba3 Rd8 21. Rbc1+ Kb8 22. Bd6+ Ka8 23. Rc2 f5 24. Rec1 Nh6 25. 
Ng3 b6 26. Bxe5 Rd5 27. f4 Ng4 28. Nxf5 Nxe5 29. fxe5 Rxe5 30. Nd6 a5 31. 
Rc8+ Rxc8 32. Rxc8+ Ka7 33. d4 Nxd4 34. Rc7+ Ka6 35. Nc8 Rf5 36. Ra7+ Kb5 
37. Nd6+ Kb4 38. Nxf5 Nxf5 39. Rd7 Ka3 40. Rd2 h5 41. h3 g5 42. g4 hxg4 
43. hxg4 Ne3 44. Kf2 Nxg4+ 45. Kg3 Ne5 46. Rd5 Nc6 47. Rxg5 Kxa2 48. Rb5 
Nd4 49. Rxb6 Nxb3 50. Kf3 a4 51. Ke3 Kb2 52. Kd3 a3 53. Kc4 Kc2 54. Rxb3 
a2 55. Ra3 Kb2 56. Rb3+ Kc2 57. Ra3 Kb2 1/2-1/2

[Event "Open de la Loire 2015-2016"]
[Site "?"]
[Date "2015.12.12"]
[Round "4.13"]
[White "Libiszewski, Christian"]
[Black "Brachet, Gérard"]
[Result "1/2-1/2"]
[WhiteElo "1399"]
[BlackElo "1290"]
[EventDate "2015.??.??"]
[PlyCount "91"]

1. e4 e5 2. Nf3 Nc6 3. d4 exd4 4. Nxd4 Bc5 5. Nxc6 bxc6 6. g3 Qf6 7. Qe2 
d6 8. Bg2 Ne7 9. O-O O-O 10. Be3 Qxb2 11. Nd2 Bxe3 12. Qxe3 Qxc2 13. f4 
Rb8 14. Rfc1 Qa4 15. h3 d5 16. Nf3 dxe4 17. Ne5 Nf5 18. Qe1 Rb4 19. Nxc6 
Rc4 20. Rxc4 Qxc4 21. Ne5 Qd4+ 22. Kh2 Ne3 23. Qg1 Qd2 24. Kh1 Nxg2 25. 
Qxg2 Qxg2+ 26. Kxg2 Bb7 27. Kf2 Rd8 28. Ke3 f6 29. Ng4 Rd3+ 30. Kf2 h5 31.
 Ne3 Ba6 32. Rc1 Rd2+ 33. Kg1 Rxa2 34. Rxc7 Bd3 35. Nf5 Kh7 36. Rxg7+ Kh8 
37. Rf7 a5 38. Rxf6 a4 39. Rh6+ Kg8 40. Rxh5 a3 41. Ne3 Re2 42. Rg5+ Kf7 
43. Rf5+ Kg7 44. Rg5+ Kf6 45. Rf5+ Kg6 46. Rg5+ 1/2-1/2

[Event "Open de la Loire 2015-2016"]
[Site "?"]
[Date "2015.12.12"]
[Round "4.14"]
[White "Ben Habchi, Nordine"]
[Black "Poyet, Louis"]
[Result "1-0"]
[WhiteElo "1275"]
[BlackElo "1290"]
[EventDate "2015.??.??"]
[PlyCount "43"]

1. e4 e5 2. f4 d5 3. exd5 Qxd5 4. Nf3 Bg4 5. Nc3 Qd6 6. Bc4 exf4 7. Bxf7+ 
Kxf7 8. Ng5+ Ke8 9. Qxg4 Qe5+ 10. Nce4 Nc6 11. O-O h6 12. Nf3 Bc5+ 13. Kh1
Be7 14. d3 h5 15. Qg6+ Kf8 16. Nxe5 Nxe5 17. Rxf4+ Bf6 18. Nxf6 Nxf6 19. 
Rxf6+ gxf6 20. Qxf6+ Nf7 21. Bh6+ Ke8 22. Re1+ 1-0

[Event "Open de la Loire 2015-2016"]
[Site "LOIRE"]
[Date "2016.02.06"]
[Round "5.1"]
[White "Guichard, Thomas"]
[Black "Boeuf, Jeremy"]
[Result "1-0"]
[WhiteElo "1710"]
[BlackElo "1583"]
[EventDate "2016.??.??"]
[PlyCount "37"]

1. e4 d5 2. exd5 Nf6 3. d4 Nxd5 4. c4 Nb6 5. Nf3 Bg4 6. Be2 e6 7. h3 Bh5 
8. b3 Bb4+ 9. Bd2 Bxd2+ 10. Nbxd2 Nc6 11. Ne5 Bxe2 12. Nxc6 bxc6 13. Qxe2 
Qxd4 14. O-O O-O-O 15. Rfd1 Qb2 16. c5 Nd5 17. Qa6+ Kb8 18. Nc4 Qf6 19. 
Na5 1-0

[Event "Open de la Loire 2015-2016"]
[Site "LOIRE"]
[Date "2016.02.06"]
[Round "5.2"]
[White "Joly, Christian"]
[Black "Vier, Serge"]
[Result "1/2-1/2"]
[WhiteElo "1590"]
[BlackElo "1650"]
[PlyCount "99"]

1. d4 d5 2. Nf3 Nf6 3. e3 Bg4 4. c4 e6 5. Nbd2 c6 6. b3 Bd6 7. c5 Bc7 8. 
h3 Bh5 9. Be2 O-O 10. O-O Nbd7 11. Bb2 Re8 12. a4 e5 13. b4 exd4 14. Nxd4 
Bxe2 15. Qxe2 Be5 16. N2f3 Bxd4 17. Bxd4 a5 18. b5 Qe7 19. Qb2 Nxc5 20. 
Bxf6 Qxf6 21. Qxf6 gxf6 22. bxc6 bxc6 23. Rfc1 Nb3 24. Rab1 Nxc1 25. Rxc1 
Rac8 26. Rc5 Re4 27. Nd4 Kf8 28. Kf1 Ke7 29. Nf5+ Ke6 30. Nd4+ Kd6 31. 
Rxa5 c5 32. Nb5+ Ke5 33. f4+ Ke6 34. Ra6+ Ke7 35. Nd6 Rb8 36. Nxe4 dxe4 
37. Ke2 c4 38. Kd2 f5 39. Kc3 Kd7 40. a5 Kc8 41. Rh6 Kb7 42. Rxh7 Ka6 43. 
Rh6+ Kxa5 44. Rf6 Kb5 45. Rxf7 Rd8 46. g4 Rd3+ 47. Kc2 Rxe3 48. Rxf5+ Kb4 
49. Re5 Rc3+ 50. Kd2 1/2-1/2

[Event "Open de la Loire 2015-2016"]
[Site "LOIRE"]
[Date "2016.02.06"]
[Round "5.3"]
[White "Boeuf, Jean-Julien"]
[Black "Desassis, Jean-Francois"]
[Result "1-0"]
[WhiteElo "1505"]
[BlackElo "1502"]
[PlyCount "37"]

1. e4 c5 2. Nc3 Nc6 3. f4 d6 4. Nf3 g6 5. Bc4 Bg7 6. O-O Nf6 7. d3 a6 8. 
a4 O-O 9. Qe1 Qc7 10. Qh4 Na5 11. Ba2 e5 12. fxe5 dxe5 13. Bh6 c4 14. Ng5 
Qb6+ 15. Kh1 Re8 16. Nd5 Nxd5 17. Bxg7 Kxg7 18. Qxh7+ Kf8 19. Qxf7# 1-0

[Event "Open de la Loire 2015-2016"]
[Site "LOIRE"]
[Date "2016.02.06"]
[Round "5.4"]
[White "Schuhmann, Alain"]
[Black "Minchilli, Franco"]
[Result "0-1"]
[WhiteElo "1570"]
[BlackElo "1610"]
[PlyCount "92"]

1. e4 e5 2. f4 Bc5 3. Nf3 d6 4. Bc4 Nf6 5. Nc3 Bg4 6. d3 Nc6 7. Na4 Bb6 8.
 Nxb6 axb6 9. O-O Nd4 10. fxe5 Bxf3 11. gxf3 dxe5 12. c3 Nc6 13. Be3 Ne7 
14. f4 exf4 15. Rxf4 Ng6 16. Rf2 O-O 17. Qe2 Qd7 18. Raf1 Ne5 19. Rxf6 
gxf6 20. Qg2+ Qg4 21. Bh6 Rfd8 22. Rxf6 Qxg2+ 23. Kxg2 Nxc4 24. dxc4 Rd6 
25. Rxd6 cxd6 26. a3 Rc8 27. Be3 Rxc4 28. Bxb6 Rxe4 29. Kf3 f5 30. Bc7 d5 
31. Bb6 Kf7 32. Bd4 Ke6 33. b4 Kd6 34. b5 Rh4 35. Kg3 Rg4+ 36. Kf3 h5 37. 
a4 h4 38. a5 h3 39. a6 bxa6 40. bxa6 Kc6 41. Ke3 Rg2 42. Kf4 Rxh2 43. Kxf5
Ra2 44. Be5 h2 45. Bxh2 Rxh2 46. a7 Ra2 0-1

[Event "Open de la Loire 2015-2016"]
[Site "LOIRE"]
[Date "2016.02.06"]
[Round "5.5"]
[White "Liogier, Pascal"]
[Black "Acikgoz, Tuncay"]
[Result "0-1"]
[WhiteElo "1480"]
[BlackElo "1617"]
[PlyCount "37"]

1. d4 f5 2. Nc3 Nf6 3. Bg5 e6 4. e4 fxe4 5. Nxe4 Be7 6. Bxf6 Bxf6 7. Qh5+ 
g6 8. Nxf6+ Qxf6 9. Qe5 Qxe5+ 10. dxe5 Nc6 11. Nf3 O-O 12. Bc4 Rf5 13. Bd3
Rf4 14. O-O b6 15. Rae1 Bb7 16. Be4 Re8 17. c3 d6 18. Bc2 Na5 19. Ba4 0-1

[Event "Open de la Loire 2015-2016"]
[Site "LOIRE"]
[Date "2016.02.06"]
[Round "5.6"]
[White "Trottet, Francois"]
[Black "Piguet, Francois"]
[Result "0-1"]
[WhiteElo "1440"]
[BlackElo "1460"]
[PlyCount "86"]

1. e4 Nf6 2. Nc3 e5 3. Nf3 Nc6 4. Bb5 Bb4 5. O-O O-O 6. a3 Bxc3 7. dxc3 
Nxe4 8. Re1 d5 9. Bxc6 bxc6 10. Nxe5 Qf6 11. Qd4 c5 12. Ng4 cxd4 13. Nxf6+
Nxf6 14. cxd4 Bf5 15. c3 Rfe8 16. Rd1 Bc2 17. Rf1 Bd3 18. Rd1 Re2 19. Bg5 
Ne4 20. Be3 Bc4 21. f3 Rxe3 22. fxe4 Rxe4 23. h3 Rb8 24. b4 Re3 25. Rdc1 
Rbe8 26. Kh2 Kf8 27. a4 a6 28. a5 Re2 29. Rg1 Rc2 30. Rac1 Ree2 31. Kg3 
Re3+ 32. Kh2 Rcxc3 33. g3 Rb3 34. Rc2 Rxb4 35. Rf2 Re4 36. g4 Rxd4 37. Re1
Ra4 38. Rf5 Rxa5 39. Rfe5 g6 40. Kg3 Kg7 41. Re7 Rd3+ 42. Kh4 Raa3 43. 
Rxc7 g5+ 0-1

[Event "Open de la Loire 2015-2016"]
[Site "LOIRE"]
[Date "2016.02.06"]
[Round "5.7"]
[White "Zaouak, Fahim"]
[Black "Martin, Julien"]
[Result "1-0"]
[WhiteElo "1399"]
[BlackElo "1529"]
[PlyCount "63"]

1. d4 d5 2. Bg5 Nc6 3. c3 h6 4. Bh4 Qd6 5. e3 e6 6. Nf3 Be7 7. Bg3 Qd8 8. 
Nbd2 Nf6 9. Bb5 Bd7 10. Ba4 Nh5 11. Qe2 Nxg3 12. hxg3 Na5 13. Bc2 Bf6 14. 
Ne5 Bxe5 15. dxe5 Qg5 16. Nf3 Qe7 17. O-O-O O-O-O 18. Nd2 f6 19. c4 dxc4 
20. Nxc4 Nxc4 21. Qxc4 fxe5 22. Rh4 Bc6 23. Qb3 Qc5 24. Qxe6+ Kb8 25. Rc4 
Rxd1+ 26. Bxd1 Qd5 27. Qg4 Rd8 28. Bb3 Qd2+ 29. Kb1 Bb5 30. Rc1 Qxf2 31. 
Qxg7 Qxg2 32. Qxc7+ 1-0

[Event "Open de la Loire 2015-2016"]
[Site "LOIRE"]
[Date "2016.02.06"]
[Round "5.8"]
[White "Bouchut, Leo"]
[Black "Lempereur, Theo"]
[Result "0-1"]
[WhiteElo "1394"]
[BlackElo "1486"]
[PlyCount "62"]

1. e4 e5 2. Nf3 Nc6 3. Nc3 Nf6 4. Bb5 Bc5 5. Bxc6 dxc6 6. Nxe5 Qd4 7. Nd3 
O-O 8. O-O Re8 9. Nxc5 Qxc5 10. d4 Qc4 11. e5 Nd5 12. Nxd5 cxd5 13. c3 Bf5
14. Qf3 Be4 15. Qg3 Re6 16. f3 Rg6 17. Qh3 Bc2 18. Be3 Qb5 19. Rf2 Qxb2 
20. Rc1 Qxc3 21. f4 Bf5 22. Qxf5 Qxe3 23. Rxc7 h6 24. Qxf7+ Kh7 25. Qxd5 
Rf8 26. Qf3 Qxd4 27. f5 Rb6 28. Rxb7 Rxb7 29. Qxb7 Rxf5 30. Qb2 Qd1+ 31. 
Rf1 Qxf1# 0-1

[Event "Open de la Loire 2015-2016"]
[Site "LOIRE"]
[Date "2016.02.06"]
[Round "5.9"]
[White "Barrandon, Georges"]
[Black "Mialon, Franck"]
[Result "1-0"]
[WhiteElo "1410"]
[BlackElo "1340"]
[PlyCount "57"]

1. d4 d5 2. Nf3 c6 3. e3 e6 4. Bd2 f5 5. c4 Nf6 6. Nc3 Nbd7 7. Ng5 h6 8. 
Nxe6 Qe7 9. Nc7+ Kd8 10. Nxa8 b6 11. Nxd5 Nxd5 12. cxd5 cxd5 13. a3 Bb7 
14. Bb4 Qg5 15. Bxf8 Rxf8 16. Nxb6 axb6 17. f4 Qg6 18. Qf3 Nf6 19. Be2 Ne4
20. Rd1 Qc6 21. O-O Qa4 22. Bd3 Ba6 23. Bxa6 Qxa6 24. Rfe1 Qa5 25. Re2 Qa4
26. Rc1 Qb3 27. Rec2 Ke7 28. Rc7+ Kf6 29. R1c6+ 1-0

[Event "Open de la Loire 2015-2016"]
[Site "LOIRE"]
[Date "2016.02.06"]
[Round "5.10"]
[White "Hong, Shawn"]
[Black "Ben Habchi, Nordine"]
[Result "1/2-1/2"]
[WhiteElo "1335"]
[BlackElo "1272"]
[PlyCount "101"]

1. e4 f5 2. d3 Nf6 3. Nc3 e6 4. Nf3 Bb4 5. Bd2 b6 6. a3 Be7 7. e5 Nd5 8. 
Nxd5 exd5 9. d4 Bb7 10. Bd3 g6 11. O-O Nc6 12. c3 d6 13. Bf4 dxe5 14. Nxe5
Nxe5 15. Bxe5 Rf8 16. Re1 Rf7 17. Qf3 Qd7 18. Re2 O-O-O 19. Rae1 Re8 20. 
Re3 Kb8 21. Qe2 f4 22. Rf3 g5 23. h3 Bd6 24. Ba6 Rfe7 25. Bxb7 Kxb7 26. 
Qd1 Bxe5 27. dxe5 Rxe5 28. Rxe5 Rxe5 29. Kf1 Qe6 30. Rd3 h5 31. Rd2 c6 32.
 Re2 f3 33. Rxe5 Qxe5 34. Qxf3 Qh2 35. Qxh5 Qh1+ 36. Ke2 Qc1 37. Qh7+ Ka6 
38. Qd3+ b5 39. Qd2 Qb1 40. Qxg5 Qxb2+ 41. Qd2 Qxa3 42. f4 Qe7+ 43. Qe3 
Qh4 44. f5 Qc4+ 45. Kf3 Qf1+ 46. Qf2 Qd3+ 47. Qe3 Qxf5+ 48. Kg3 Qg6+ 49. 
Kf3 Qf6+ 50. Kg3 Qg6+ 51. Kf3 1/2-1/2

[Event "Open de la Loire 2015-2016"]
[Site "LOIRE"]
[Date "2016.02.06"]
[Round "5.11"]
[White "Libiszewski, Christian"]
[Black "Jan, Alexandre"]
[Result "1-0"]
[WhiteElo "1399"]
[BlackElo "1180"]
[PlyCount "111"]

1. e4 e5 2. Nf3 Nc6 3. d4 exd4 4. Nxd4 Bc5 5. Nxc6 Qf6 6. Qd2 bxc6 7. Nc3 
Ne7 8. Bd3 d5 9. Qf4 Ng6 10. Qxf6 gxf6 11. O-O d4 12. Ne2 Ne5 13. Bf4 Rb8 
14. b3 Nxd3 15. cxd3 Ba6 16. Rfd1 Rb7 17. Rac1 Rb5 18. Bxc7 Bb7 19. e5 Kd7
20. Bd6 Bxd6 21. exd6 Rd5 22. Rc4 c5 23. b4 Ba6 24. Rxc5 Rxc5 25. bxc5 Rc8
26. Nxd4 Rxc5 27. Nb3 Rd5 28. d4 Kxd6 29. Rc1 h5 30. f3 f5 31. Kf2 f4 32. 
g3 Rf5 33. gxf4 Rxf4 34. Kg3 Rf5 35. Rc2 Bb7 36. f4 f6 37. Rf2 Kd5 38. Kf3
Ba6 39. Ke3 Bc4 40. Rc2 Bxb3 41. axb3 h4 42. Ra2 Kc6 43. Rxa7 Rh5 44. Ra6+
Kb5 45. Rxf6 Kb4 46. Ke4 Kxb3 47. d5 Kc4 48. f5 Kc5 49. Ke5 Rh7 50. Re6 
Rf7 51. d6 Kc6 52. Re7 Rxe7+ 53. dxe7 Kd7 54. f6 Ke8 55. Ke6 h3 56. f7# 
1-0

[Event "Open de la Loire 2015-2016"]
[Site "LOIRE"]
[Date "2016.02.06"]
[Round "5.12"]
[White "Brachet, Gerard"]
[Black "Daillere, Roland"]
[Result "0-1"]
[WhiteElo "1290"]
[BlackElo "1350"]
[PlyCount "84"]

1. d4 Nf6 2. c4 g6 3. Nc3 Bg7 4. Nf3 O-O 5. Bf4 d6 6. e4 Bg4 7. Be2 Re8 8.
 O-O Bxf3 9. Bxf3 e5 10. dxe5 dxe5 11. Qxd8 Rxd8 12. Bxe5 Na6 13. Nd5 Nxd5
14. Bxg7 Kxg7 15. cxd5 Nc5 16. Rfd1 Nd7 17. d6 cxd6 18. Rxd6 Ne5 19. Rad1 
Rxd6 20. Rxd6 Rc8 21. h4 h5 22. Be2 Rc2 23. Kf1 Rxb2 24. f4 Ng4 25. Bxg4 
hxg4 26. g3 Rxa2 27. f5 gxf5 28. exf5 Ra3 29. Kg2 Rf3 30. Rd4 Rxf5 31. 
Rxg4+ Kh6 32. Rc4 Rb5 33. Rc8 a5 34. Rh8+ Kg7 35. Rd8 a4 36. Rd3 Rb2+ 37. 
Kh3 b5 38. Rd7 a3 39. Rd1 b4 40. h5 a2 41. Ra1 b3 42. Kh4 Rb1 0-1

[Event "Open de la Loire 2015-2016"]
[Site "LOIRE"]
[Date "2016.02.06"]
[Round "5.13"]
[White "Choquelle, Jean"]
[Black "Gloaguen, Loic"]
[Result "1-0"]
[WhiteElo "1190"]
[BlackElo "1299"]
[PlyCount "63"]

1. c4 e6 2. Nc3 Nf6 3. e4 c6 4. d3 d5 5. e5 Bb4 6. Bd2 Nfd7 7. Nf3 b6 8. 
d4 Ba6 9. Qb3 dxc4 10. Bxc4 Bxc3 11. Qxc3 Bxc4 12. Qxc4 O-O 13. Qd3 c5 14.
 Ng5 g6 15. Qh3 h5 16. Nf3 cxd4 17. O-O Nc6 18. Rae1 Rc8 19. Qg3 Ne7 20. 
Nxd4 Nf5 21. Nxf5 exf5 22. Bg5 f6 23. Bf4 Kg7 24. e6 Re8 25. Qa3 a5 26. e7
Rxe7 27. Rxe7+ Kh8 28. Rfe1 Qf8 29. Qe3 Kg8 30. Qe6+ Kh8 31. Qxd7 Rd8 32. 
Qe6 1-0

[Event "Open de la Loire 2015-2016"]
[Site "LOIRE"]
[Date "2016.02.06"]
[Round "5.14"]
[White "Bournez, Gerard"]
[Black "Raffin, Philippe"]
[Result "1-0"]
[WhiteElo "1320"]
[BlackElo "1020"]
[PlyCount "61"]

1. e4 e5 2. Nc3 Nf6 3. d3 Nc6 4. Bg5 Be7 5. Nf3 d6 6. Bxf6 Bxf6 7. Nd5 O-O
8. c3 b6 9. Be2 Rb8 10. O-O a5 11. Qa4 b5 12. Qd1 Bh4 13. Nxh4 Qxh4 14. 
Nxc7 Ne7 15. Bf3 Rb7 16. Nd5 Re8 17. d4 Nc6 18. dxe5 Nxe5 19. Ne3 h6 20. 
Nf5 Nxf3+ 21. Qxf3 Rxe4 22. Nxh4 Rxh4 23. Rfe1 Kf8 24. Qd3 g6 25. Qxd6+ 
Kg7 26. Qd8 Bd7 27. Qxh4 g5 28. Qd4+ f6 29. Re7+ Kg6 30. Rxd7 Rxd7 31. 
Qxd7 1-0

[Event "Open de la Loire 2015-2016"]
[Site "LOIRE"]
[Date "2016.02.06"]
[Round "6.1"]
[White "Boeuf, Jean-Julien"]
[Black "Guichard, Thomas"]
[Result "0-1"]
[WhiteElo "1505"]
[BlackElo "1710"]
[PlyCount "80"]

1. e4 e6 2. d3 d5 3. Nd2 Nf6 4. Ngf3 Be7 5. g3 O-O 6. Bg2 b6 7. e5 Nfd7 8.
 O-O c5 9. Re1 Nc6 10. Nf1 Qc7 11. Bf4 h6 12. h4 Re8 13. N1h2 Nf8 14. Ng4 
Ng6 15. Bc1 h5 16. Ngh2 Ngxe5 17. Nxe5 Nxe5 18. Qxh5 Nd7 19. Rxe6 Nf6 20. 
Qe5 Qd7 21. Rxf6 Bxf6 22. Qxd5 Re1+ 23. Nf1 Qxd5 24. Bxd5 Rb8 25. Bf4 Rxa1
26. Bxb8 Bh3 27. Kh2 Bxf1 28. Bxa7 Bd8 29. Bb8 Be2 30. Bf4 Bg4 31. Bd2 Be6
32. Bb3 Bxb3 33. axb3 Rd1 34. Bf4 Rb1 35. Be5 f6 36. Bc3 Rc1 37. d4 Rxc2 
38. dxc5 bxc5 39. Kg2 Kf7 40. Kf3 Ke6 0-1

[Event "Open de la Loire 2015-2016"]
[Site "LOIRE"]
[Date "2016.02.06"]
[Round "6.2"]
[White "Minchilli, Franco"]
[Black "Joly, Christian"]
[Result "1-0"]
[WhiteElo "1610"]
[BlackElo "1590"]
[PlyCount "105"]

1. d4 Nf6 2. c4 c5 3. Nf3 cxd4 4. Nxd4 g6 5. Nc3 Bg7 6. e3 O-O 7. Be2 Nc6 
8. O-O a6 9. a3 Rb8 10. Qc2 d6 11. Rd1 Bg4 12. Qa4 Nxd4 13. exd4 Bxe2 14. 
Nxe2 Qc7 15. Bf4 b5 16. cxb5 axb5 17. Qb3 Qb7 18. h3 Qe4 19. Be3 Nd5 20. 
Ng3 Qe6 21. Bg5 Nc7 22. Qxe6 Nxe6 23. Bxe7 Rfe8 24. Bxd6 Rbd8 25. Be5 Nxd4
26. Bxg7 Kxg7 27. Rac1 f5 28. Re1 f4 29. Ne4 Nb3 30. Rc7+ Kh6 31. Rxh7+ 
Kxh7 32. Nf6+ Kh6 33. Nxe8 Nd2 34. Nc7 Nc4 35. Nxb5 Rb8 36. a4 Nxb2 37. 
Re4 Nd3 38. Rd4 Nc1 39. Kh2 Ne2 40. Re4 Nc1 41. Rxf4 Nd3 42. Rf3 Nc5 43. 
Ra3 Nxa4 44. Nd6 Nc5 45. f3 Rb6 46. Nc4 Rb4 47. Ne3 Ne6 48. Ra7 Rb2 49. h4
Nf8 50. Kh3 g5 51. Ng4+ Kg6 52. Ra6+ Kf7 53. hxg5 1-0